All Ski Mask the Slump God Songs - Statistics

General Stats
  • This quiz has been taken 332 times
    162 since last reset
  • The average score is 31 of 94
Answer Stats
Album Song % Correct
STOKELEY Faucet Failure
81%
STOKELEY Nuketown
81%
YouWillRegret Catch Me Outside
71%
STOKELEY Foot Fungus
65%
DROWN IN DESIGNER Take a Step Back
65%
YouWillRegret Take a Step Back
65%
YouWillRegret BabyWipe
64%
STOKELEY Unbothered
62%
STOKELEY Cat Piss
61%
Sin City The Mixtape The Matrix
61%
SLAPS FOR MY DROP-TOP MINI-VAN LIKE A SOCCER MOM
53%
STOKELEY La La
52%
BEWARE THE BOOK OF ELI Coolest Monkey in the Jungle
51%
Sin City The Mixtape Dr. Seuss
51%
Sin City The Mixtape ADMIT IT
50%
Members Only, Vol. 3 H2O
49%
Single #4 OOGA BOOGA!
48%
Single #3 Burn the Hoods
45%
STOKELEY Save Me, Pt. 2
45%
Single #2 Carbonated Water
43%
Sin City The Mixtape Fire Hazard
43%
STOKELEY Reborn to Rebel
43%
STOKELEY So High
43%
Sin City The Mixtape Intro
42%
Sin City The Mixtape Merlin's Staff
41%
STOKELEY Far Gone
40%
STOKELEY Adults Swim
39%
STOKELEY Get Geeked
38%
BEWARE THE BOOK OF ELI Run
38%
Sin City The Mixtape Ya!
38%
BEWARE THE BOOK OF ELI Dapper Dan
37%
YouWillRegret Gone (Interlude)
37%
Members Only, Vol. 3 Off the Wall!
37%
STOKELEY U and I
37%
Sin City The Mixtape Mental Magneto
36%
Members Only, Vol. 1 Freddy Vs Jason
34%
YouWillRegret Just Like My Piss
34%
BEWARE THE BOOK OF ELI Lost Souls
34%
YouWillRegret Rambo
34%
Single Achoo
33%
BEWARE THE BOOK OF ELI DoIHaveTheSause?
33%
Sin City The Mixtape Lost in Time
33%
BEWARE THE BOOK OF ELI Throwaway
33%
YouWillRegret Bird Is the Word
32%
BEWARE THE BOOK OF ELI Bukkake
32%
BEWARE THE BOOK OF ELI Geekin
32%
Members Only, Vol. 3 Bowser
30%
YouWillRegret Energy
30%
Members Only, Vol. 4 He Diddy!
30%
Members Only, Vol. 3 WHATINXXXTARNATION!?
30%
BEWARE THE BOOK OF ELI Child's Play
29%
SLAPS FOR MY DROP-TOP MINI-VAN DEATH IS LONG
29%
Archives Giggle
29%
SLAPS FOR MY DROP-TOP MINI-VAN DID YOU REALLY???
28%
Members Only, Vol. 1 Fuxk
28%
YouWillRegret Winnie
28%
YouWillRegret Adventure Time
27%
Archives Chemicals
27%
YouWillRegret Ever Took a Tab?
27%
YouWillRegret WTF!?
27%
Members Only, Vol. 4 Make Eem Run!
26%
BEWARE THE BOOK OF ELI Suicide Season
26%
Members Only, Vol. 3 4PEAT
25%
SLAPS FOR MY DROP-TOP MINI-VAN I DON'T CARE
25%
VERY RARE LOST FILES LIFE IS SHORT
24%
VERY RARE LOST FILES TheHumanCentipede
24%
Archives Not Tonite
23%
Members Only, Vol. 3 STATIC SHOCK (INTERLUDE)
23%
DROWN IN DESIGNER Where's the Blow!
23%
DROWN IN DESIGNER Billy & Mandy
22%
Members Only, Vol. 4 Empty
21%
Archives Spits
21%
Members Only, Vol. 1 Gxd Damn
20%
DROWN IN DESIGNER I Like Bricks
20%
VERY RARE LOST FILES NEW AGE CHIP SKYLARK
20%
Members Only, Vol. 2 Broly!
19%
Members Only, Vol. 2 Splash!
19%
DROWN IN DESIGNER Unmask
19%
Members Only, Vol. 3 Invisible Klip
16%
DROWN IN DESIGNER Kate Moss
16%
Members Only, Vol. 1 Planet Drool
14%
VERY RARE LOST FILES YOUNG VORHEES
13%
DROWN IN DESIGNER Freaky Fred
12%
The NOBODYS LOW
12%
Members Only, Vol. 2 Orgy
12%
Members Only, Vol. 2 Xanax!
12%
Members Only, Vol. 1 CallMeRonaldReagan
11%
Members Only, Vol. 2 Killers!
10%
Members Only, Vol. 2 Playboy!
10%
VERY RARE LOST FILES VR ALL-STARS
10%
Members Only, Vol. 2 Save Yourself!
9%
DROWN IN DESIGNER Sh*t Talk
9%
The NOBODYS Jason Voorhees
7%
DROWN IN DESIGNER R.I.P ROACH "EAST SIDE SOULJA"
4%
No matching quizzes found
Score Distribution
Percent of People with Each Score
Percentile by Number Answered
Your Score History
You have not taken this quiz since the last reset